{"text_format":"3","workbook":"xlsx","n_sheets":2,"sheets":["list","data"],"read":"whole","date_system":"1900"}

{"sheet":"list","index":0,"n_rows":32,"n_cols":17,"rows_kept":32}
["№","СНИЛС","Фамилия","Имя","Отчество","Пол","Дата рождения","Участник с ОВЗ","Класс","Класс участия","Балл","Макс. Балл","Статус","Призер МЭ прошлого года","Учитель","Место работы учителя","Направления, виды практик  по технологии"]
[1,2,3,4,5,6,7,8,9,10,11,12,13,14,15,16,17]
[1,"17140047425","Горбунова","Анастасия","Ивановна","ж","2012-03-03","нет",5,5,49,100,"участник",null,"Тимофеева Индира Илдусовна","МБОУ \"СОШ №27\" г. Нижнекамск Республика Татарстан","Техника, технология и техническое творчество .  Ручная обработка древесины"]
[2,"16964708119","Тимофеева","Амелия","Дмитриевна","ж","2011-12-06","нет",6,6,46,100,"участник",null,"Тимофеева Индира Илдусовна","МБОУ \"СОШ №27\" г. Нижнекамск Республика Татарстан","Роботехника .  "]
[3,"16524881586","Садриев","Тимур","Ильнурович","м","2011-03-28","нет",6,6,37,100,"участник",null,"Тимофеева Индира Илдусовна","МБОУ \"СОШ №27\" г. Нижнекамск Республика Татарстан"]
[4,"17119722767","Ташбулатов","Артур","Русланович","м","2012-03-15","нет",5,5,25,100,"участник",null,"Тимофеева Индира Илдусовна","МБОУ \"СОШ №27\" г. Нижнекамск Республика Татарстан"]
[5,"16605352357","Саттарова","Эльвина","Ильфатовна","ж","2011-04-21","нет",6,6,22,100,"участник",null,"Тимофеева Индира Илдусовна","МБОУ \"СОШ №27\" г. Нижнекамск Республика Татарстан"]
[6,"17028939079","Гайнуллин","Руслан","Радикович","м","2012-01-18","нет",5,5,20,100,"участник",null,"Тимофеева Индира Илдусовна","МБОУ \"СОШ №27\" г. Нижнекамск Республика Татарстан"]
[7,"16395356500","Долматов","Тимофей","Александрович","м","2010-12-17","нет",6,6,19,100,"участник",null,"Тимофеева Индира Илдусовна","МБОУ \"СОШ №27\" г. Нижнекамск Республика Татарстан"]
[8,"16981788140","Тимашинов","Гордей","Михайлович","м","2011-12-15","нет",5,5,17,100,"участник",null,"Тимофеева Индира Илдусовна","МБОУ \"СОШ №27\" г. Нижнекамск Республика Татарстан"]
[9,"16618124870","Бекиров","Артем ","Олегович","м","2011-05-02","нет",6,6,12,100,"участник",null,"Тимофеева Индира Илдусовна","МБОУ \"СОШ №27\" г. Нижнекамск Республика Татарстан"]
[10,"17316409459","Сабитов","Ислам","Маратович","м","2012-07-24","нет",5,5,8,100,"участник",null,"Тимофеева Индира Илдусовна","МБОУ \"СОШ №27\" г. Нижнекамск Республика Татарстан"]
[11,"15655287596","Родионова","Таисия","Андреевна","ж","2009-10-13","нет",8,8,77,100,"победитель",null,"Тимофеева Индира Илдусовна","МБОУ \"СОШ №27\" г. Нижнекамск Республика Татарстан"]
[12,"16113011293","Анисахарова","Арина","Руслановна","ж","2010-05-25","нет",7,7,56,100,"призер",null,"Тимофеева Индира Илдусовна","МБОУ \"СОШ №27\" г. Нижнекамск Республика Татарстан"]
[13,"16042986769","Ковалев","Сергей","Александрович","м","2010-05-25","нет",7,7,47,100,"участник",null,"Тимофеева Индира Илдусовна","МБОУ \"СОШ №27\" г. Нижнекамск Республика Татарстан"]
[14,"15363351857","Закиров","Малик","Фаниярович","м","2008-12-20","нет",8,8,42,100,"участник",null,"Тимофеева Индира Илдусовна","МБОУ \"СОШ №27\" г. Нижнекамск Республика Татарстан"]
[15,"16253964784","Сметанин","Роман","Антонович","м","2010-09-24","нет",7,7,36,100,"участник",null,"Тимофеева Индира Илдусовна","МБОУ \"СОШ №27\" г. Нижнекамск Республика Татарстан"]
[16,"16396760713","Тимашинов","Матвей","Евгеньевич","м","2010-09-01","нет",7,7,32,100,"участник",null,"Тимофеева Индира Илдусовна","МБОУ \"СОШ №27\" г. Нижнекамск Республика Татарстан"]
[17,"16213070517","Низамутдинов","Камиль","Ильназович","м","2010-01-24","нет",7,7,28,100,"участник",null,"Тимофеева Индира Илдусовна","МБОУ \"СОШ №27\" г. Нижнекамск Республика Татарстан"]
[18,"15732866390","Ташбулатов","Альберт","Русланович","м","2009-03-18","нет",8,8,25,100,"участник",null,"Тимофеева Индира Илдусовна","МБОУ \"СОШ №27\" г. Нижнекамск Республика Татарстан"]
[19,"15762930997","Ахматгалиев","Арсен","Ильмирович","м","2010-01-29","нет",8,8,14,100,"участник",null,"Тимофеева Индира Илдусовна","МБОУ \"СОШ №27\" г. Нижнекамск Республика Татарстан"]
[20,"15854260686","Скрипник","Егор","Алексеевич","м","2009-07-19","нет",8,8,13,100,"участник",null,"Тимофеева Индира Илдусовна","МБОУ \"СОШ №27\" г. Нижнекамск Республика Татарстан"]
[21,"15817995623","Мирзаянова","Камилла","Фаритовна","ж","2007-03-12","нет",10,10,78,100,"победитель",null,"Камалов Ильнар Наилевич","МБОУ \"СОШ №27\" г. Нижнекамск Республика Татарстан"]
[22,"18755326611","Рогаткина","Софья","Игоревна","ж","2008-04-12","нет",9,9,68,100,"призер",null,"Камалов Ильнар Наилевич","МБОУ \"СОШ №27\" г. Нижнекамск Республика Татарстан"]
[23,"16048600953","Якупов","Данис","Вадимович","м","2007-09-18","нет",10,10,43,100,"участник",null,"Камалов Ильнар Наилевич","МБОУ \"СОШ №27\" г. Нижнекамск Республика Татарстан"]
[24,"15772660293","Ремеслова","Алина ","Станиславовна","ж","2007-09-26","нет",10,10,41,100,"участник",null,"Камалов Ильнар Наилевич","МБОУ \"СОШ №27\" г. Нижнекамск Республика Татарстан"]
[25,"18117905571","Костин","Семен","Витальевич","м","2007-03-15","нет",10,10,35,100,"участник",null,"Камалов Ильнар Наилевич","МБОУ \"СОШ №27\" г. Нижнекамск Республика Татарстан"]
[26,"15468447700","Мухаметгалиева","Лилиана","Ленаровна","ж","2007-06-20","нет",10,10,31,100,"участник",null,"Камалов Ильнар Наилевич","МБОУ \"СОШ №27\" г. Нижнекамск Республика Татарстан"]
[27,"14541811647","Пузанов","Иван","Андреевич","м","2007-02-15","нет",10,10,28,100,"участник",null,"Камалов Ильнар Наилевич","МБОУ \"СОШ №27\" г. Нижнекамск Республика Татарстан"]
[28,"17598166733","Синдимирова","Диана","Алексеевна","ж","2007-07-31","нет",10,10,24,100,"участник",null,"Камалов Ильнар Наилевич","МБОУ \"СОШ №27\" г. Нижнекамск Республика Татарстан"]
[29,"17033288449","Харисова","Ралина","Раилевна","ж","2007-12-10","нет",10,10,17,100,"участник",null,"Камалов Ильнар Наилевич","МБОУ \"СОШ №27\" г. Нижнекамск Республика Татарстан"]
[30,"15503313120","Фазлиев","Камиль","Рамзилевич","м","2007-05-05","нет",10,10,8,100,"участник",null,"Камалов Ильнар Наилевич","МБОУ \"СОШ №27\" г. Нижнекамск Республика Татарстан"]

{"sheet":"data","index":1,"n_rows":25,"n_cols":6,"rows_kept":25}
[]
["Техника, технология и техническое творчество .  Ручная обработка древесины"]
["Техника, технология и техническое творчество .  Ручная обработка металла"]
["Техника, технология и техническое творчество .  Механическая обработка древесины"]
["Техника, технология и техническое творчество .  Механическая обработка металла"]
["Техника, технология и техническое творчество .  Электротехника"]
["Техника, технология и техническое творчество .  Робототехника"]
["Техника, технология и техническое творчество .  3d - моделирование и печать"]
["Техника, технология и техническое творчество .  Обработка материалов на лазерно-гравировальной машине"]
["Техника, технология и техническое творчество .  Промышленный дизайн"]
["Культура дома, дизайн и технологии .  Обработка швейного изделия или узла + моделирование швейных изделий"]
["Культура дома, дизайн и технологии .  Обработка швейного изделия или узла + моделирование швейных изделий с использованием графических редакторов"]
["Культура дома, дизайн и технологии .  Обработка швейного изделия или узла на швейно-вышивальном оборудовании + моделирование швейных изделий"]
["Культура дома, дизайн и технологии .  Обработка швейного изделия или узла на швейно-вышивальном оборудовании + моделирование швейных изделий с использованием графических редакторов"]
["Культура дома, дизайн и технологии .  Робототехника"]
["Культура дома, дизайн и технологии .  3d - моделирование и печать"]
["Культура дома, дизайн и технологии .  Обработка материалов на лазерно-гравировальной машине"]
["Культура дома, дизайн и технологии .  Промышленный дизайн"]
["Роботехника .  "]
["Информационная безопасность ."]
[]
[]
["участник"]
["призер",null,"да","да",null,"м"]
["победитель",null,null,"нет",null,"ж"]